Normal view
MARC view
- مراجعة وتحرير وتقديم ابو الشعر، هند غسان؛ اشراف الفقيه، الصادق؛ التنسيق والمتابعه هاشم، كايد؛ الاخراج الفني خلف، ميساء
Entry Personal Name
001 - CONTROL NUMBER
- control field: 47524
003 - CONTROL NUMBER IDENTIFIER
- control field: JO-AjAnu
005 - DATE AND TIME OF LATEST TRANSACTION
- control field: 20230606081838.0
008 - FIXED-LENGTH DATA ELEMENTS
- fixed length control field: 230606|| aca||aabn | a|a d
040 ## - CATALOGING SOURCE
- Original cataloging agency: JO-AjAnu
- Transcribing agency: JO-AjAnu
100 ## - HEADING--PERSONAL NAME
- Personal name: مراجعة وتحرير وتقديم ابو الشعر، هند غسان؛ اشراف الفقيه، الصادق؛ التنسيق والمتابعه هاشم، كايد؛ الاخراج الفني خلف، ميساء
670 ## - SOURCE DATA FOUND
- Source citation: Work cat.: (JO-AjAnu)24320: مراجعة وتحرير وتقديم ابو الشعر، هند غسان؛ اشراف الفقيه، الصادق؛ التنسيق والمتابعه هاشم، كايد؛ الاخراج الفني خلف، ميساء, author, الاوقاف الإسلامية والمسيحية في القدس: الأبعاد التاريخية، مصادر التوثيق والتراث المقدسي المهدد